Central Library OPAC University of Rajshahi

Digital image processing / (Record no. 52862)

MARC details
000 -LEADER
fixed length control field 00774nam a2200253 a 4500
001 - CONTROL NUMBER
control field 52862
003 - CONTROL NUMBER IDENTIFIER
rucl marc code BD-RjUL
005 - DATE AND TIME OF LATEST TRANSACTION
control field 20211209075854.0
008 - FIXED-LENGTH DATA ELEMENTS--GENERAL INFORMATION
fixed length control field 160928m19931992enka b 001 0 eng
020 ## - INTERNATIONAL STANDARD BOOK NUMBER
International Standard Book Number 0201508036
035 ## - SYSTEM CONTROL NUMBER
System control number (BD-RjUL)52982
040 ## - CATALOGING SOURCE
Original cataloging agency DLC
Transcribing agency DLC
Modifying agency DLC
-- BD-RjUL
Language of cataloging eng
041 ## - LANGUAGE CODE
Language code of text/sound track or separate title eng
082 00 - DEWEY DECIMAL CLASSIFICATION NUMBER
Classification number 621.367
Edition number 23
Author mark and year GOD 1993
100 1# - MAIN ENTRY--PERSONAL NAME
Personal name Gonzalez, Rafael C.
9 (RLIN) 39229
245 10 - TITLE STATEMENT
Title Digital image processing /
Statement of responsibility, etc. Rafael C. Gonzalez, Richard E. Woods.
260 ## - PUBLICATION, DISTRIBUTION, ETC. (IMPRINT)
Place of publication, distribution, etc. New York :
Name of publisher, distributor, etc. Addison-Wesley,
Date of publication, distribution, etc. c2009.
300 ## - PHYSICAL DESCRIPTION
Pagination xvi, 716 p. :
Illustrations ill. ;
Size 25 cm.
500 ## - GENERAL NOTE
General note Include index
650 #0 - SUBJECT ADDED ENTRY--TOPICAL TERM
Topical term or geographic name as entry element Image processing
General subdivision Digital techniques.
9 (RLIN) 1282
700 1# - ADDED ENTRY--PERSONAL NAME
Personal name Woods, Richard E.
Fuller form of name (Richard Eugene),
Dates associated with a name 1954-
942 ## - ADDED ENTRY ELEMENTS (KOHA)
Source of classification or shelving scheme Dewey Decimal Classification
Koha item type Books
Holdings
Lost status Source of classification or shelving scheme Damaged status Not for loan Collection code Permanent Location Current Location Shelving location Date acquired Source of acquisition Cost, normal purchase price Total Checkouts Full call number Date last seen Date checked out Copy number Koha item type
  Dewey Decimal Classification     Non-fiction Central Library, University of Rajshahi Central Library, University of Rajshahi   07/10/1996 Syn. 65.95 1 621.367 GOD 1993 18/04/2022 23/03/2022 C-2 Books